The American samurai : Blending American and Japanese managerial practices

Đã lưu trong:
书目详细资料
主要作者: Alston, Jon P.
格式: 图书
语言:Undetermined
出版: Berlin W. de Gruyter 1985
主题:
标签: 添加标签
没有标签, 成为第一个标记此记录!
Thư viện lưu trữ: Trung tâm Học liệu Trường Đại học Cần Thơ
LEADER 00552nam a2200205Ia 4500
001 CTU_97998
008 210402s9999 xx 000 0 und d
082 |a 658 
082 |b A461 
100 |a Alston, Jon P. 
245 4 |a The American samurai : 
245 0 |b Blending American and Japanese managerial practices 
245 0 |c Jon P. Alston 
260 |a Berlin 
260 |b W. de Gruyter 
260 |c 1985 
650 |a Industrial management 
650 |z Japan 
904 |i Hiếu 
980 |a Trung tâm Học liệu Trường Đại học Cần Thơ